00342nam a2200121Ia 4500008004000000020001800040082001300058100002800071245001500099260006300114300001400177650002900191210210b2006 xxu||||| |||| 00| 0 eng d a0 07 061184 X a658 CRUA aCRUIKSHANK (Jeffrey L). aApple way. aNew DelhibTata McGraw-Hill Publishing Company Ltd.c2006 axviii,206 aApple Company Case Study